UBT Library

Kinesiology for occupational therapy / (Record no. 41779)

000 -LEADER
fixed length control field 00787cam a22002654a 4500
001 - CONTROL NUMBER
control field 13438343
005 - DATE AND TIME OF LATEST TRANSACTION
control field 20180205074057.0
008 - FIXED-LENGTH DATA ELEMENTS--GENERAL INFORMATION
fixed length control field 031217s2004 njua b 001 0 eng
010 ## - LIBRARY OF CONGRESS CONTROL NUMBER
LC control number 2003027462
020 ## - INTERNATIONAL STANDARD BOOK NUMBER
International Standard Book Number 1556424914 (alk. paper)
035 ## - SYSTEM CONTROL NUMBER
System control number (DNLM)101201071
040 ## - CATALOGING SOURCE
Original cataloging agency DNLM/DLC
Transcribing agency DLC
Modifying agency DLC
041 ## - LANGUAGE CODE
Language code of text/sound track or separate title eng
042 ## - AUTHENTICATION CODE
Authentication code pcc
060 10 - NATIONAL LIBRARY OF MEDICINE CALL NUMBER
Classification number WE 103
Item number R989k 2004
080 ## - UNIVERSAL DECIMAL CLASSIFICATION NUMBER
Universal Decimal Classification number 612.76 RYB
082 00 - DEWEY DECIMAL CLASSIFICATION NUMBER
Classification number 612.76 RYB
Edition number 22
100 1# - Rafti
Rafti 8
101 ## - Shkurtesa
Shkurtesa EKZ
245 10 - TITLE STATEMENT
Title Kinesiology for occupational therapy /
Statement of responsibility, etc Melinda Rybski.
504 ## - BIBLIOGRAPHY, ETC. NOTE
Bibliography, etc Includes bibliographical references and index.
906 ## - LOCAL DATA ELEMENT F, LDF (RLIN)
a 7
b cbc
c orignew
d 1
e ecip
f 20
g y-gencatlg
942 ## - ADDED ENTRY ELEMENTS (KOHA)
Source of classification or shelving scheme
Item type Books
Holdings
Withdrawn status Lost status Source of classification or shelving scheme Damaged status Not for loan Collection code Permanent location Current location Shelving location Date acquired Total Checkouts Full call number Barcode Date last seen Price effective from Koha item type
          Koleksioni i përgjithshem UBT - Lipjan UBT - Lipjan Koleksioni i përgjithshem 02/05/2018   612.76 RYB 002-2997259 02/05/2018 02/05/2018 Books
          Koleksioni i përgjithshem UBT - Lipjan UBT - Lipjan Koleksioni i përgjithshem 02/05/2018   612.76 RYB 002-2997254 02/05/2018 02/05/2018 Books
UBT Library © 2015-2024. All rights reserved University Education for Business and Technology